000 00344 a2200157 4500
001 60678
020 _a9788576767091
040 _cAnchieta - Pituba
100 _aStine, R. L.
240 1 0 _aGooosebumps Horrorland
_lpor
245 1 0 _aGooosebumps Horrorland
300 _a104
362 0 _a2010
650 4 _aLiteratura juvenil
942 _cBK
999 _c60678
_d60678